| 000 | 00347nam a2200145Ia 4500 | ||
|---|---|---|---|
| 008 | 230312s9999||||xx |||||||||||||| ||und|| | ||
| 020 | _a0-534-40617-3 | ||
| 082 |
_a621.382 _bPRO-C |
||
| 100 | _aPhilips;Joseph | ||
| 245 | 0 | _aAll IN ONE CAPM | |
| 260 |
_bThomson _aAustralia _c2004 |
||
| 300 | _a487 | ||
| 650 |
_aComputer _vComputer |
||
| 942 | _cBK | ||
| 999 |
_c15490 _d15490 |
||